<?xml version="1.0" encoding="UTF-8"?><?xml-stylesheet type="text/xsl" href="static/style.xsl"?><OAI-PMH xmlns="http://www.openarchives.org/OAI/2.0/" xmlns:xsi="http://www.w3.org/2001/XMLSchema-instance" xsi:schemaLocation="http://www.openarchives.org/OAI/2.0/ http://www.openarchives.org/OAI/2.0/OAI-PMH.xsd"><responseDate>2026-04-18T19:54:32Z</responseDate><request verb="GetRecord" identifier="oai:riubu.ubu.es:10259/6041" metadataPrefix="marc">https://riubu.ubu.es/oai/request</request><GetRecord><record><header><identifier>oai:riubu.ubu.es:10259/6041</identifier><datestamp>2022-04-27T09:49:38Z</datestamp><setSpec>com_10259.4_103</setSpec><setSpec>com_10259.4_1</setSpec><setSpec>com_10259_2604</setSpec><setSpec>col_10259_6036</setSpec></header><metadata><record xmlns="http://www.loc.gov/MARC21/slim" xmlns:doc="http://www.lyncode.com/xoai" xmlns:xsi="http://www.w3.org/2001/XMLSchema-instance" xmlns:dcterms="http://purl.org/dc/terms/" xsi:schemaLocation="http://www.loc.gov/MARC21/slim http://www.loc.gov/standards/marcxml/schema/MARC21slim.xsd">
<leader>00925njm 22002777a 4500</leader>
<datafield tag="042" ind1=" " ind2=" ">
<subfield code="a">dc</subfield>
</datafield>
<datafield tag="720" ind1=" " ind2=" ">
<subfield code="a">Cuesta Nieto, José Antonio</subfield>
<subfield code="e">author</subfield>
</datafield>
<datafield tag="260" ind1=" " ind2=" ">
<subfield code="c">2014</subfield>
</datafield>
<datafield tag="520" ind1=" " ind2=" ">
<subfield code="a">Los Nebreda son una familia de la élite local de Covarrubias de finales del siglo XV y del siglo XVI en cuyo seno destacan&#xd;
los letrados que ejercieron su profesión en esta villa y fuera de ella.&#xd;
Entre ellos resalta el Ldo. Pedro de Nebreda que culminó su carrera&#xd;
como oidor de la Chancillería de Valladolid y cuyas relaciones familiares&#xd;
se establecieron con otras familias de oidores ingresando así en&#xd;
la nobleza media de Castilla.</subfield>
</datafield>
<datafield tag="520" ind1=" " ind2=" ">
<subfield code="a">The Nebreda family was part of the local elite of Covarrubias at the end of 15th century and the 16th century, standing out&#xd;
the attorneys who practised their profession in and out that town.&#xd;
Among them, Graduate Pedro de Nebreda stands out. He ended his&#xd;
career as an oidor of the Chancery of Valladolid. He established family links with other oidors families, becoming a member in that way&#xd;
the Middle Aristocracy of Castile.</subfield>
</datafield>
<datafield tag="024" ind2=" " ind1="8">
<subfield code="a">0211-8998</subfield>
</datafield>
<datafield tag="024" ind2=" " ind1="8">
<subfield code="a">http://hdl.handle.net/10259/6041</subfield>
</datafield>
<datafield ind1=" " ind2=" " tag="653">
<subfield code="a">Oidor</subfield>
</datafield>
<datafield ind1=" " ind2=" " tag="653">
<subfield code="a">Chancillería de Valladolid</subfield>
</datafield>
<datafield ind1=" " ind2=" " tag="653">
<subfield code="a">Los Nebreda</subfield>
</datafield>
<datafield ind1=" " ind2=" " tag="653">
<subfield code="a">Covarrubias</subfield>
</datafield>
<datafield ind1=" " ind2=" " tag="653">
<subfield code="a">Oidor (judge)</subfield>
</datafield>
<datafield ind1=" " ind2=" " tag="653">
<subfield code="a">Chancery of Valladolid</subfield>
</datafield>
<datafield ind1=" " ind2=" " tag="653">
<subfield code="a">Nebreda family</subfield>
</datafield>
<datafield tag="245" ind1="0" ind2="0">
<subfield code="a">El Ldo. Pedro de Nebreda: linaje y patrimonio de un oidor de la Chancillería de Valladolid</subfield>
</datafield>
</record></metadata></record></GetRecord></OAI-PMH>